000 00508nam a22001817a 4500
003 CEME
005 20210628202248.0
008 210210b xxu||||| |||| 00| 0 eng d
020 _a81-203-1249-X
040 _c.
082 _a658.5 KRI
100 _aKrishnaswamy , K .N
_959059
245 _aCases in production and operations management
260 _aNEW DELHI
_bPRENTICE HALL OF INDIA
_c2002
300 _aVIII,294P
650 _aOPERATIONS MANAGEMENT.PRODUCTION MANAGEMENT
_959060
942 _cBK
_2ddc
999 _c569117
_d569117